Cultural transfer and humour in audiovisual translation bakalárska práca
Gespeichert in:
| 1. Verfasser: | |
|---|---|
| Körperschaft: | |
| Weitere Verfasser: | |
| Format: | Buch |
| Sprache: | Englisch |
| Veröffentlicht: |
Bratislava
2018
|
| Tags: |
Keine Tags, Fügen Sie das erste Tag hinzu!
|
MARC
| LEADER | 00000nbm a2200000 4500 | ||
|---|---|---|---|
| 001 | 0244017 | ||
| 005 | 20181011092727.6 | ||
| 041 | 0 | |a eng | |
| 044 | |a SK | ||
| 245 | 1 | 0 | |a Cultural transfer and humour in audiovisual translation |b bakalárska práca |c Petra Molnárová ; školiteľ: Dominika Fifiková |
| 264 | 1 | |a Bratislava |c 2018 | |
| 300 | |a 58 s. | ||
| 100 | 1 | |a Molnárová, Petra | |
| 700 | 1 | |a Fifiková, Dominika, 1987- | |
| 710 | 2 | |a Fakulta aplikovaných jazykov EU v Bratislave. Katedra jazykovedy a translatológie | |